000
00321nam a22001457a 4500
008
210521b ||||| |||| 00| 0 eng d
020
_a
9780070111332
041
_a
eng
080
_a
72
082
_a
72
100
_a
41
101
_a
ARK
245
_a
Architectural Perspective Grids
_c
John Ch. Aia
942
_2
udc
_c
BK
999
_c
57556
_d
57556